[Event "Barcelona op-B"]
[Site "Barcelona"]
[Date "1998.??.??"]
[Round "2"]
[White "Irigoyen Fujiwara, Daniel"]
[Black "Lama Palma, D."]
[Result "1-0"]
[WhiteElo "1900"]
[BlackElo "1950"]
[PlyCount "133"]
[EventDate "1998.??.??"]
[EventType "swiss"]
[EventRounds "8"]
[EventCountry "ESP"]
[SourceTitle "EXT 2019"]
[Source "ChessBase"]
[SourceDate "2018.10.10"]
[SourceVersion "1"]
[SourceVersionDate "2018.10.10"]
[SourceQuality "1"]

1. e4 c5 2. f4 e6 3. Nf3 g6 4. c3 Bg7 5. d4 cxd4 6. cxd4 Ne7 7. Nc3 a6 8. a4 0-0 9. Be2 d6 10. 0-0 Nbc6 11. Be3 Qb6 12. Qd2 d5 13. Ne5 Na5 14. Ra3 Rd8 15. exd5 exd5 16. Kh1 Nf5 17. Bg1 Nb3 18. Qd3 Na5 19. g4 Ne7 20. f5 f6 21. fxg6 fxe5 22. gxh7+ Kh8 23. Rf7 e4 24. Qh3 Qe6 25. Qh5 Rf8 26. Rxf8+ Bxf8 27. Be3 Qg6 28. Qxg6 Nxg6 29. Ra1 Kxh7 30. Nxd5 Be6 31. Nf6+ Kg7 32. g5 Be7 33. d5 Nb3 34. Rd1 Bg8 35. d6 Bxf6 36. gxf6+ Kxf6 37. d7 Rd8 38. Bb6 Ke7 39. Bxd8+ Kxd8 40. Bg4 Ne5 41. Bf5 e3 42. Be4 e2 43. Re1 Nd4 44. h4 Bc4 45. h5 Ng4 46. Kg2 Kxd7 47. Bf3 Nc2 48. Bxg4+ Ke7 49. Rxe2+ Bxe2 50. Bxe2 a5 51. h6 Kf6 52. h7 Kg7 53. Kg3 b6 54. Kf4 Nb4 55. Ke5 Kxh7 56. Kd6 Kg7 57. Bc4 Kf8 58. Kc7 Ke7 59. Kxb6 Kd6 60. Kxa5 Kc5 61. Bb5 Na2 62. b3 Nb4 63. Be8 Na2 64. Ka6 Nb4+ 65. Kb7 Kd4 66. a5 Kc3 67. Bd7 1-0